000
00329nam a2200145Ia 4500
008
150201s2007 xx 000 0 und d
082
_a
615
_b
E07S
100
_a
SHARMA,VN
245
_a
ESSENTIAL OF PHARMACOLOGY
250
_a
3RD
260
_b
CBS
_a
DELHI
_c
2007
300
_a
1-784
650
_a
PHARMACOLOGY
942
_2
ddc
_c
BK
_0
3
999
_c
393
_d
393